[Event "Titled Tue 20th May Late"]
[Site "chess.com INT"]
[Date "2025.05.20"]
[Round "1"]
[White "Mishra, Abhimanyu"]
[Black "Kocharin, Timur"]
[Result "1-0"]
[WhiteTitle "GM"]
[BlackTitle "FM"]
[WhiteElo "2605"]
[BlackElo "2324"]
[WhiteFideId "30920019"]
[BlackFideId "16240936"]
[EventDate "2025.05.20"]

1. e4 e6 2. d4 d5 3. Nc3 Nf6 4. e5 Nfd7 5. f4 c5 6. Nf3 Nc6 7. Be3 a6 8. a3 b5
9. Qd2 Bb7 10. Be2 Qc7 11. O-O Rc8 12. Rad1 Be7 13. dxc5 Nxc5 14. Nd4 O-O 15.
Bd3 Nxd3 16. cxd3 Qd7 17. Nce2 f5 18. exf6 Bxf6 19. Nxc6 Rxc6 20. Bd4 Qd6 21. b4
Qd7 22. Qe3 Rc2 23. Bxf6 Rxf6 24. Nd4 Rc8 25. Rc1 Rcf8 26. g3 Qd6 27. Rfe1 Re8
28. Qe5 Qxe5 29. fxe5 Rf7 30. Rf1 Ree7 31. Rxf7 Kxf7 32. Kf2 Ke8 33. Ke3 Rf7 34.
Nxe6 Re7 35. Nc5 Rxe5+ 36. Kd4 Re7 37. Nxb7 Rxb7 38. Rc6 a5 39. bxa5 Ra7 40. a6
Kd7 41. Kxd5 1-0

[Event "Titled Tue 20th May Late"]
[Site "chess.com INT"]
[Date "2025.05.20"]
[Round "1"]
[White "Flores Mirabal, Nancy"]
[Black "Naranjo Moreno, Antonio"]
[Result "0-1"]
[WhiteTitle "WCM"]
[BlackTitle "FM"]
[WhiteElo "2050"]
[BlackElo "2289"]
[WhiteFideId "109339"]
[BlackFideId "2278626"]
[EventDate "2025.05.20"]

1. c4 Nf6 2. Nc3 g6 3. g3 Bg7 4. Bg2 O-O 5. e4 d6 6. Nge2 c5 7. d3 Nc6 8. O-O
Rb8 9. a3 a6 10. Rb1 b5 11. cxb5 axb5 12. b4 cxb4 13. axb4 e5 14. Bh3 Bxh3 15.
Re1 Bg4 16. Be3 Nd4 17. Bxd4 exd4 18. Na2 Nd7 19. Qd2 Ne5 20. Nxd4 Qb6 21. Qe3
Qxd4 22. Qxd4 Nf3+ 23. Kg2 Nxe1+ 24. Rxe1 Bxd4 25. Nc1 Bc3 26. Rf1 Bxb4 27. h3
Be6 28. f4 Ba3 29. Ne2 b4 30. Nd4 Ba2 31. f5 b3 32. Nc6 Rb7 33. f6 b2 34. Ne7+
Kh8 35. h4 0-1

[Event "Titled Tue 20th May Late"]
[Site "chess.com INT"]
[Date "2025.05.20"]
[Round "1"]
[White "Papidakis, Georgios"]
[Black "Degenbaev, Aziz"]
[Result "0-1"]
[WhiteTitle "CM"]
[BlackTitle "FM"]
[WhiteElo "2130"]
[BlackElo "2279"]
[WhiteFideId "4295099"]
[BlackFideId "13802640"]
[EventDate "2025.05.20"]

1. c4 f5 2. g4 fxg4 3. e4 e5 4. Qxg4 Nf6 5. Qg3 Nxe4 6. Qxe5+ Qe7 7. Qxe7+ Bxe7
8. Bg2 Nc5 9. Ke2 Ne6 10. d3 O-O 11. Be3 Nf4+ 12. Bxf4 Rxf4 13. Nc3 c6 14. Nh3
Rf8 15. Rhe1 Bc5 16. Ne4 Bd4 17. Rab1 d5 18. cxd5 cxd5 19. Nc3 Bxh3 20. Bxh3
Rxf2+ 21. Kd1 Nc6 22. Be6+ Kh8 23. Bxd5 Rxh2 24. Re2 Rh3 25. Kc2 Nb4+ 26. Kb3
Bxc3 27. bxc3 Nxd5 28. Rbe1 Nf6 0-1

[Event "Titled Tue 20th May Late"]
[Site "chess.com INT"]
[Date "2025.05.20"]
[Round "1"]
[White "Klepek, Witold"]
[Black "Sindarov, Javokhir"]
[Result "0-1"]
[WhiteTitle "CM"]
[BlackTitle "GM"]
[WhiteElo "2253"]
[BlackElo "2706"]
[WhiteFideId "1175068"]
[BlackFideId "14205483"]
[EventDate "2025.05.20"]

1. c4 g6 2. d4 Bg7 3. Nf3 Nf6 4. g3 d6 5. Bg2 O-O 6. O-O c6 7. Nc3 Qb6 8. b3 e5
9. dxe5 dxe5 10. e4 Bg4 11. Be3 Qc7 12. Qc2 Bxf3 13. Bxf3 Nbd7 14. Rfd1 Rfd8 15.
Bg2 Nf8 16. Ne2 Ne6 17. h3 a5 18. Rxd8+ Rxd8 19. Rd1 Bf8 20. f4 Rxd1+ 21. Qxd1
Bc5 22. Bxc5 Nxc5 23. fxe5 Nfd7 24. Qd6 Qd8 25. Nf4 Qe8 26. e6 Nxe6 27. Nxe6
Qxe6 28. Qxe6 fxe6 29. Kf2 Kf7 30. Ke3 Kf6 31. a3 Ke5 32. Bf1 Nc5 33. b4 axb4
34. axb4 Nxe4 35. g4 g5 36. b5 cxb5 37. cxb5 b6 38. Bd3 Nf6 39. Be2 Nd5+ 40. Kf3
Kd4 41. Bf1 e5 42. Kf2 e4 43. Ke1 h6 44. Bg2 Nf4 45. Bf1 e3 46. Kd1 Ke4 47. Ke1
Kf3 48. Bc4 e2 0-1

[Event "Titled Tue 20th May Late"]
[Site "chess.com INT"]
[Date "2025.05.20"]
[Round "1"]
[White "Vila Dupla, Aurelio"]
[Black "Belov, Alexei"]
[Result "0-1"]
[WhiteTitle "FM"]
[BlackTitle "IM"]
[WhiteElo "2056"]
[BlackElo "2421"]
[WhiteFideId "2203383"]
[BlackFideId "4128206"]
[EventDate "2025.05.20"]

1. Nf3 d5 2. d4 e6 3. c4 Nf6 4. cxd5 exd5 5. Nc3 c6 6. Qc2 g6 7. Bg5 Be7 8. e3
Bf5 9. Bd3 Bxd3 10. Qxd3 Nbd7 11. O-O O-O 12. h3 Re8 13. Rfe1 Ne4 14. Bxe7 Qxe7
15. Nd2 f5 16. Nf3 Ng5 17. Nd2 Qd6 18. f4 Ne6 19. Nf3 b5 20. Ne5 Rac8 21. a3 a5
22. Rac1 a4 23. Na2 Nb6 24. Nb4 Nc4 25. Nxc4 bxc4 26. Qc2 c5 27. dxc5 Nxc5 28.
Rcd1 Qe6 29. Nxd5 Nd3 30. Rxd3 cxd3 31. Qxd3 Rcd8 32. Rd1 Kf7 33. Qc4 Rd7 34.
Rd4 Red8 35. e4 fxe4 36. f5 gxf5 0-1

[Event "Titled Tue 20th May Late"]
[Site "chess.com INT"]
[Date "2025.05.20"]
[Round "1"]
[White "Caruana, Fabiano"]
[Black "Bratovic, Blaz"]
[Result "1-0"]
[WhiteTitle "GM"]
[BlackTitle "IM"]
[WhiteElo "2776"]
[BlackElo "2319"]
[WhiteFideId "2020009"]
[BlackFideId "14603551"]
[EventDate "2025.05.20"]

1. Nf3 e6 2. g3 Nf6 3. Bg2 d5 4. c4 Be7 5. O-O O-O 6. d3 c5 7. Ne5 Nc6 8. Nxc6
bxc6 9. Nc3 a5 10. Na4 Ba6 11. b3 Nd7 12. Ba3 Bd6 13. Rc1 Qe7 14. Qd2 Rfc8 15.
Bb2 d4 16. e3 e5 17. Rce1 Qf8 18. Bh3 Rd8 19. Bxd7 Rxd7 20. Nb6 Rdd8 21. Nxa8
Rxa8 22. f4 Bc8 23. fxe5 Bxe5 24. exd4 Bxd4+ 25. Bxd4 cxd4 26. Qf4 c5 27. Re5
Be6 28. Qe4 Qc8 29. Rxc5 1-0

[Event "Titled Tue 20th May Late"]
[Site "chess.com INT"]
[Date "2025.05.20"]
[Round "1"]
[White "Tsydypov, Zhamsaran"]
[Black "Zavortink, Matt"]
[Result "1-0"]
[WhiteTitle "GM"]
[WhiteElo "2514"]
[BlackElo "2135"]
[WhiteFideId "4108566"]
[BlackFideId "2034263"]
[EventDate "2025.05.20"]

1. e4 c5 2. Nf3 g6 3. c3 d5 4. exd5 Qxd5 5. d4 Bg7 6. Be3 cxd4 7. cxd4 Qa5+ 8.
Nc3 Nh6 9. Bb5+ Bd7 10. Bc4 O-O 11. O-O Nf5 12. Re1 Bc6 13. d5 Bd7 14. Bg5 b5
15. Bb3 Re8 16. g4 Nd6 17. Bxe7 Nc4 18. Bxc4 bxc4 19. h3 Na6 20. Re3 Rab8 21.
Rb1 Nc5 22. d6 Nd3 23. Ne4 Nxb2 24. Qe2 Qxa2 25. Re1 Qa4 26. Nc3 Qa5 27. Ne4 Nd3
28. Rd1 Nf4 29. Qf1 c3 30. Rc1 Bc6 31. Nxc3 Bxc3 32. Rexc3 Bb5 33. Rc5 Ne2+ 34.
Qxe2 Bxe2 35. Rxa5 Bxf3 36. Rxa7 Bc6 37. Rxc6 1-0

[Event "Titled Tue 20th May Late"]
[Site "chess.com INT"]
[Date "2025.05.20"]
[Round "1"]
[White "Bernadskiy, Vitaliy"]
[Black "Dudzinski, Pawel"]
[Result "1-0"]
[WhiteTitle "GM"]
[BlackTitle "FM"]
[WhiteElo "2523"]
[BlackElo "2191"]
[WhiteFideId "14100371"]
[BlackFideId "1117890"]
[EventDate "2025.05.20"]

1. c4 e5 2. Nc3 c5 3. g3 Nc6 4. Bg2 g6 5. e3 Bg7 6. Nge2 Nge7 7. O-O Rb8 8. b3
O-O 9. Bb2 a6 10. Nd5 b5 11. d3 d6 12. Qd2 Nxd5 13. cxd5 Ne7 14. f4 Bg4 15. e4
Bxe2 16. Qxe2 exf4 17. Bxg7 Kxg7 18. gxf4 f5 19. Qb2+ Kg8 20. Rae1 fxe4 21. dxe4
Qd7 22. Re3 c4 23. Bh3 Qa7 24. Be6+ Rf7 25. Qf2 Rf8 26. bxc4 bxc4 27. Rc3 Qc7
28. Qd4 h6 29. Rxc4 Qb7 30. f5 Kh7 31. Bxf7 Rxf7 32. f6 Ng8 33. e5 dxe5 34. Qxe5
Qb6+ 35. Qd4 Qxd4+ 36. Rxd4 Nxf6 37. d6 Kg7 38. Rxf6 1-0

[Event "Titled Tue 20th May Late"]
[Site "chess.com INT"]
[Date "2025.05.20"]
[Round "1"]
[White "Danzer, George"]
[Black "Toncheva, Nadya"]
[Result "0-1"]
[WhiteTitle "CM"]
[BlackTitle "FM"]
[WhiteElo "2172"]
[BlackElo "2332"]
[WhiteFideId "4659465"]
[BlackFideId "2924056"]
[EventDate "2025.05.20"]

1. e4 c5 2. Nf3 Nc6 3. d4 cxd4 4. Nxd4 g6 5. c4 Bg7 6. Be3 Nf6 7. Nc3 O-O 8. Be2
d6 9. O-O Bd7 10. Rc1 Nxd4 11. Bxd4 Bc6 12. f3 a5 13. Qd2 Nd7 14. Bxg7 Kxg7 15.
Nd5 e6 16. Ne3 Qb6 17. Kh1 Rfd8 18. Ng4 Qc5 19. Qh6+ Kg8 20. Rfd1 a4 21. e5 Nf8
22. Qh4 h5 23. Nf6+ Kg7 24. Rd4 Qxe5 25. Ne4 Qxd4 0-1

[Event "Titled Tue 20th May Late"]
[Site "chess.com INT"]
[Date "2025.05.20"]
[Round "1"]
[White "Wuebker, Paul-Luca"]
[Black "Saidov, Bilukhadzh"]
[Result "0-1"]
[WhiteTitle "CM"]
[BlackTitle "FM"]
[WhiteElo "2244"]
[BlackElo "2309"]
[WhiteFideId "12939528"]
[BlackFideId "34165476"]
[EventDate "2025.05.20"]

1. e4 c5 2. Nf3 Nf6 3. Nc3 d5 4. exd5 Nxd5 5. Nxd5 Qxd5 6. b3 Bg4 7. Bb2 Nc6 8.
Bc4 Qe4+ 9. Be2 Bxf3 10. gxf3 Qh4 11. Bb5 Rc8 12. Qe2 a6 13. Bd3 e6 14. a3 Nd4
15. Qe4 Qxe4+ 16. fxe4 Bd6 17. h4 h5 18. Rh3 Be5 19. O-O-O Ke7 20. Rf1 Bf4 21.
Kd1 b5 22. f3 Rhd8 23. Bxd4 Rxd4 24. Rf2 Rcd8 25. Kc1 c4 26. bxc4 bxc4 27. Bf1
Bxd2+ 28. Kb2 Rb8+ 29. Ka2 Bc3 30. a4 Rd1 31. Bxc4 Ra1# 0-1

[Event "Titled Tue 20th May Late"]
[Site "chess.com INT"]
[Date "2025.05.20"]
[Round "1"]
[White "Kilic, Eray"]
[Black "Bilous, Mykhailo"]
[Result "1-0"]
[WhiteTitle "IM"]
[BlackTitle "IM"]
[WhiteElo "2469"]
[BlackElo "2419"]
[WhiteFideId "44517173"]
[BlackFideId "14127555"]
[EventDate "2025.05.20"]

1. e4 c5 2. c3 d5 3. exd5 Qxd5 4. d4 Nc6 5. Nf3 cxd4 6. cxd4 e6 7. Nc3 Qd6 8.
Bd3 Nf6 9. O-O Be7 10. Be3 O-O 11. Rc1 b6 12. a3 Bb7 13. Bb1 Rac8 14. Qd3 g6 15.
Rfd1 Rfd8 16. Ba2 Rd7 17. Qd2 Qb8 18. Bf4 Bd6 19. Bg5 Be7 20. Qe3 Rcd8 21. h3
Nd5 22. Nxd5 exd5 23. Bxe7 Rxe7 24. Qh6 f6 25. Bb1 Na5 26. Re1 Qd6 27. Bxg6 hxg6
28. Rxe7 Qxe7 29. Qxg6+ Qg7 30. Qxg7+ Kxg7 31. Rc7+ Kg8 32. b4 Rc8 33. Rxc8+
Bxc8 34. bxa5 bxa5 35. Kf1 Kf7 36. Ke2 Ke6 37. Kd2 Kd6 38. Kc3 Ke6 39. Nd2 Kf5
40. Kd3 Kf4 41. g3+ Kg5 42. h4+ Kg4 43. Ke3 a4 44. Nb1 Bd7 45. Nc3 Bc6 46. Ne2
Bd7 47. f3+ Kf5 48. Nf4 Bc6 49. g4# 1-0

[Event "Titled Tue 20th May Late"]
[Site "chess.com INT"]
[Date "2025.05.20"]
[Round "1"]
[White "Hambardzumian, Yuri"]
[Black "Schnaider, Ilan"]
[Result "0-1"]
[WhiteTitle "IM"]
[BlackTitle "IM"]
[WhiteElo "2301"]
[BlackElo "2388"]
[WhiteFideId "13302795"]
[BlackFideId "169013"]
[EventDate "2025.05.20"]

1. e4 c5 2. Nf3 e6 3. d4 cxd4 4. Nxd4 Bc5 5. Nb3 Bb6 6. Be2 Ne7 7. O-O O-O 8.
Nc3 f5 9. Bf3 f4 10. e5 Nbc6 11. Re1 Ng6 12. Bxc6 bxc6 13. Nd4 Ba6 14. Nf3 Bc7
15. Qd4 Rf5 16. Bd2 Qe7 17. Rad1 c5 18. Qe4 Raf8 19. Na4 Nxe5 20. Nxe5 Rxe5 21.
Qf3 Rxe1+ 22. Rxe1 Bb5 23. Nc3 Bc6 24. Ne4 d5 25. Nc3 Qf7 26. Qg4 e5 27. f3 Bd7
28. Qg5 h6 29. Qh4 c4 30. Qf2 Bb6 0-1

[Event "Titled Tue 20th May Late"]
[Site "chess.com INT"]
[Date "2025.05.20"]
[Round "1"]
[White "Nita, Lucian"]
[Black "Goryachkina, Aleksandra"]
[Result "0-1"]
[BlackTitle "GM"]
[WhiteElo "2143"]
[BlackElo "2544"]
[WhiteFideId "1206923"]
[BlackFideId "4147103"]
[EventDate "2025.05.20"]

1. e4 c6 2. d3 d5 3. Nd2 e5 4. Ngf3 Bd6 5. Be2 Nf6 6. O-O O-O 7. c3 a5 8. b3
Nbd7 9. a3 Re8 10. Bb2 Nf8 11. Qc2 Ng6 12. Rfe1 h6 13. Bf1 Qc7 14. g3 Be6 15. h3
Rad8 16. Kh2 Nh5 17. b4 f5 18. Bg2 f4 19. g4 Nf6 20. c4 d4 21. c5 Bf8 22. Nc4
axb4 23. axb4 h5 24. g5 Nh7 25. h4 Bg4 26. Ng1 Nxh4 27. f3 Be6 28. Qf2 Ng6 29.
Bh3 Nxg5 30. Bxe6+ Nxe6 31. Nh3 Be7 32. Rg1 Bh4 33. Qc2 Bg3+ 34. Kh1 Nh4 35. Nd2
g5 36. Qc4 Qf7 37. Rxg3 fxg3 38. Rg1 Nxf3 39. Rf1 Nxd2 40. Rxf7 Nxc4 0-1

[Event "Titled Tue 20th May Late"]
[Site "chess.com INT"]
[Date "2025.05.20"]
[Round "1"]
[White "Shandrygin, Nikita"]
[Black "Tymrakiewicz, Rafal"]
[Result "1-0"]
[WhiteTitle "FM"]
[BlackTitle "FM"]
[WhiteElo "2209"]
[BlackElo "2189"]
[WhiteFideId "24198668"]
[BlackFideId "1108832"]
[EventDate "2025.05.20"]

1. e4 Nf6 2. e5 Nd5 3. d4 d6 4. c4 Nb6 5. f4 dxe5 6. fxe5 c5 7. d5 e6 8. Nc3
exd5 9. cxd5 c4 10. a3 Bc5 11. Nf3 O-O 12. Ne4 Na6 13. b4 Be7 14. d6 Bh4+ 15. g3
Bf5 16. Nc3 Bg4 17. gxh4 Bxf3 18. Qxf3 Qxh4+ 19. Qg3 Qd4 20. Bh6 g6 21. Rd1
Qxd1+ 22. Kxd1 Rfe8 23. Ne4 Nd5 24. Bg5 b5 25. Nf6+ Nxf6 26. Bxf6 h5 27. Qf4 Kh7
28. Rg1 Nb8 29. Bg2 Nd7 30. Bxa8 Rxa8 31. Be7 1-0

[Event "Titled Tue 20th May Late"]
[Site "chess.com INT"]
[Date "2025.05.20"]
[Round "1"]
[White "Ismagilov, Damir"]
[Black "Petrus, Adrian"]
[Result "1-0"]
[WhiteTitle "CM"]
[WhiteElo "2173"]
[BlackElo "2203"]
[WhiteFideId "34199982"]
[BlackFideId "14573652"]
[EventDate "2025.05.20"]

1. d4 Nf6 2. c4 e6 3. Nc3 Bb4 4. g3 Bxc3+ 5. bxc3 c5 6. Bg2 O-O 7. Nf3 Nc6 8.
O-O b6 9. Rb1 Rb8 10. Bf4 Ra8 11. Bd6 Re8 12. Ne5 Bb7 13. dxc5 Na5 14. Qa4 Bxg2
15. Kxg2 Ne4 16. Qxd7 Qxd7 17. Nxd7 Red8 18. Ne5 Nxd6 19. cxd6 Rxd6 20. c5 Rd5
21. Nd3 bxc5 22. Rb5 c4 23. Rxd5 exd5 24. Nb4 Rb8 25. Rd1 Rb5 26. Rxd5 Rxd5 27.
Nxd5 Kf8 28. Kf3 Ke8 29. Ke4 Kd7 30. Kd4 Kd6 31. Ne3 Nc6+ 32. Kxc4 a6 33. f4 f6
34. Nf5+ 1-0

[Event "Titled Tue 20th May Late"]
[Site "chess.com INT"]
[Date "2025.05.20"]
[Round "1"]
[White "Gubajdullin, Alexei"]
[Black "McDonald, Jhustice-Dimonte"]
[Result "1-0"]
[WhiteTitle "FM"]
[BlackTitle "CM"]
[WhiteElo "2227"]
[BlackElo "2032"]
[WhiteFideId "4141202"]
[BlackFideId "7402481"]
[EventDate "2025.05.20"]

1. Nf3 b6 2. g3 Bb7 3. Bg2 Nf6 4. O-O g6 5. d3 Bg7 6. e4 d6 7. e5 dxe5 8. Nxe5
Bxg2 9. Kxg2 O-O 10. Qf3 Nd5 11. Ng4 Na6 12. Nh6+ Bxh6 13. Bxh6 Re8 14. Nd2 Nab4
15. Rfc1 c5 16. Ne4 Nc6 17. Ng5 f6 18. Ne6 Qd7 19. Re1 Nd4 20. Nxd4 cxd4 21. Re4
e5 22. c4 dxc3 23. bxc3 Nxc3 24. Rc4 Rac8 25. Rc1 Rxc4 26. dxc4 Nxa2 27. Ra1 Nb4
28. Qxf6 Qc6+ 29. Qxc6 Nxc6 30. Rd1 Rd8 31. Re1 Rd7 32. f4 Re7 33. Rd1 e4 34.
Rd6 Rc7 35. g4 1-0

[Event "Titled Tue 20th May Late"]
[Site "chess.com INT"]
[Date "2025.05.20"]
[Round "1"]
[White "Khalafvand, Dorsa Sadat"]
[Black "Avramidou, Anastasia"]
[Result "0-1"]
[WhiteTitle "WCM"]
[BlackTitle "FM"]
[WhiteElo "1985"]
[BlackElo "2294"]
[WhiteFideId "36767522"]
[BlackFideId "4239873"]
[EventDate "2025.05.20"]

1. d4 Nf6 2. c4 g6 3. Nc3 Bg7 4. e4 d6 5. Nf3 O-O 6. Be2 e5 7. O-O exd4 8. Nxd4
Re8 9. f3 c6 10. Kh1 Nbd7 11. Bg5 h6 12. Bh4 Qc7 13. Rc1 a5 14. a3 Ne5 15. b4
axb4 16. axb4 Qb6 17. b5 g5 18. Bf2 c5 19. Nc2 Ng6 20. Ne3 Be6 21. g3 Ra3 22.
Qc2 Qa5 23. Qb2 Nxe4 24. fxe4 Bxc3 25. Qc2 Bd4 26. Ng4 Ra2 27. Qd1 Qd2 28. Bxd4
Bxg4 29. Bxg4 Qxh2# 0-1

[Event "Titled Tue 20th May Late"]
[Site "chess.com INT"]
[Date "2025.05.20"]
[Round "1"]
[White "Aliyev, Elnur"]
[Black "Sklokin, Sergey"]
[Result "0-1"]
[WhiteTitle "CM"]
[BlackTitle "FM"]
[WhiteElo "2155"]
[BlackElo "2311"]
[WhiteFideId "13402617"]
[BlackFideId "55730230"]
[EventDate "2025.05.20"]

1. e4 c5 2. Nf3 e6 3. d4 cxd4 4. Nxd4 Nf6 5. Nc3 Nc6 6. a3 d5 7. exd5 Nxd5 8.
Nxc6 bxc6 9. Bd2 Be7 10. Bd3 O-O 11. O-O Bb7 12. Ne4 c5 13. c4 Nb6 14. Bc3 Na4
15. Qe2 Nxc3 16. Nxc3 Bf6 17. Be4 Bxc3 18. Bxb7 Rb8 19. Be4 Rxb2 20. Qh5 g6 21.
Qxc5 Rxf2 22. Qxf2 Bd4 23. Rac1 Bxf2+ 24. Rxf2 Qd4 25. Bf3 Rc8 26. Be2 e5 27.
Kf1 e4 28. g3 Kg7 29. Kg2 e3 30. Rff1 Qd2 31. Rfe1 Rxc4 32. Rxc4 Qxe1 33. Bf3
Qf2+ 34. Kh3 Qf1+ 35. Bg2 Qxc4 36. g4 e2 37. Kg3 e1=Q+ 0-1

[Event "Titled Tue 20th May Late"]
[Site "chess.com INT"]
[Date "2025.05.20"]
[Round "1"]
[White "Amburgy, Ryan"]
[Black "Mihajlovskij, Sergei"]
[Result "1-0"]
[WhiteTitle "FM"]
[WhiteElo "2309"]
[BlackElo "2292"]
[WhiteFideId "30924820"]
[BlackFideId "13500805"]
[EventDate "2025.05.20"]

1. Nf3 g6 2. d4 Nf6 3. c4 Bg7 4. Nc3 d6 5. e4 O-O 6. Be2 e5 7. Be3 Ng4 8. Bg5
Qd7 9. h3 Nf6 10. dxe5 dxe5 11. Nxe5 Qe6 12. Nd3 Nxe4 13. Nxe4 Qxe4 14. O-O Qf5
15. Bh4 Bd7 16. Qb3 Bc6 17. Rad1 Na6 18. Bg3 Rac8 19. Bg4 Qe4 20. Bf3 Qe6 21.
Nf4 Qf5 22. Bxc6 bxc6 23. Qa3 Nc5 24. Qxa7 Ne4 25. b4 Nc3 26. Rd2 Ne4 27. Rd3
Nxg3 28. fxg3 g5 29. Qe3 gxf4 30. Rxf4 Qe5 31. Re4 Qa1+ 32. Kh2 Qxa2 33. Rg4 Qb2
34. Rdd4 Kh8 35. Rxg7 Kxg7 36. Qg5+ Kh8 37. Qf6+ Kg8 38. Rg4# 1-0

[Event "Titled Tue 20th May Late"]
[Site "chess.com INT"]
[Date "2025.05.20"]
[Round "1"]
[White "Karthikeyan, Murali"]
[Black "Ermolaev, Evgeny"]
[Result "1-0"]
[WhiteTitle "GM"]
[BlackTitle "FM"]
[WhiteElo "2658"]
[BlackElo "2282"]
[WhiteFideId "5074452"]
[BlackFideId "24103195"]
[EventDate "2025.05.20"]

1. Nf3 Nf6 2. c4 c6 3. b3 g6 4. Bb2 Bg7 5. g3 O-O 6. Bg2 d5 7. O-O a5 8. cxd5
cxd5 9. Ne5 Nc6 10. Nxc6 bxc6 11. Nc3 Bd7 12. Na4 Bf5 13. Rc1 Qd6 14. d3 Rfc8
15. Nb6 e5 16. Qc2 Nd7 17. Nxa8 Rxa8 18. Qxc6 Qxc6 19. Rxc6 Be6 20. Rfc1 Bf8 21.
Rc8 Ra6 22. R1c6 Ra7 23. R6c7 Ra6 24. Ba3 Kg7 25. Bxf8+ Nxf8 26. Rd8 a4 27. Bxd5
axb3 28. axb3 Bh3 29. Rxf7+ Kh6 30. f4 exf4 31. gxf4 Ne6 32. Bxe6 Bxe6 33. Re7
Bxb3 34. Rdd7 Kh5 35. Rxh7+ Kg4 36. Kf2 Kxf4 37. Rd4+ Kg5 38. h4+ Kf6 39. Rb4
Be6 40. Rf4+ Ke5 41. Ke3 Bf5 42. Rb7 Ra2 43. Rb5+ Kf6 44. h5 Kg5 45. hxg6 Rxe2+
46. Kxe2 Kxf4 47. Rxf5+ 1-0

[Event "Titled Tue 20th May Late"]
[Site "chess.com INT"]
[Date "2025.05.20"]
[Round "1"]
[White "Platzgummer, Fabian"]
[Black "Mazzilli, Piero"]
[Result "1-0"]
[WhiteTitle "IM"]
[BlackTitle "FM"]
[WhiteElo "2295"]
[BlackElo "2274"]
[WhiteFideId "1617222"]
[BlackFideId "807087"]
[EventDate "2025.05.20"]

1. Nf3 d5 2. g3 c6 3. Bg2 Nf6 4. O-O Bf5 5. c4 e6 6. d3 h6 7. cxd5 exd5 8. Nc3
Bb4 9. a3 Bxc3 10. bxc3 O-O 11. a4 Nbd7 12. a5 Re8 13. h3 Nc5 14. Be3 Ne6 15.
Nd4 Nxd4 16. Bxd4 Nd7 17. Re1 Bg6 18. Qb3 Qc7 19. c4 c5 20. Be3 d4 21. Bf4 Ne5
22. Qxb7 Qxb7 23. Bxb7 Rab8 24. a6 f6 25. Ra5 Nxd3 26. Bxb8 Nxe1 27. Bxa7 Rxe2
28. Bxc5 d3 29. a7 d2 30. a8=Q+ Kh7 31. Ra1 Nc2 32. Bd5 Re8 33. Qxe8 Bxe8 34.
Rd1 Ne1 35. Rxd2 Nf3+ 36. Bxf3 1-0

[Event "Titled Tue 20th May Late"]
[Site "chess.com INT"]
[Date "2025.05.20"]
[Round "1"]
[White "Bukreev, Stanislav"]
[Black "Danila, Tudor-Gabriel"]
[Result "1-0"]
[WhiteTitle "FM"]
[BlackTitle "CM"]
[WhiteElo "2328"]
[BlackElo "2178"]
[WhiteFideId "34252347"]
[BlackFideId "1274244"]
[EventDate "2025.05.20"]

1. d4 Nf6 2. c4 e6 3. Nf3 c5 4. d5 d6 5. Nc3 exd5 6. cxd5 g6 7. e4 Bg7 8. h3 O-O
9. Bd3 b5 10. Nxb5 Nxe4 11. Bxe4 Re8 12. Ng5 h6 13. Ne6 Bxe6 14. dxe6 Rxe6 15.
O-O Rxe4 16. Qd5 Rb4 17. Qxa8 Rxb5 18. Bf4 g5 19. Bg3 Bxb2 20. Rab1 Qb6 21. Rfd1
Bd4 22. Rxb5 Qxb5 23. Bxd6 Qe2 24. Qxb8+ Kg7 25. Qf8+ Kg6 26. Qg8+ Kf6 27. Rxd4
cxd4 28. Qh8+ Kg6 29. Qxd4 Qxa2 30. Kh2 a5 31. f4 a4 32. Qe4+ f5 33. Qe8+ Qf7
34. Qxa4 g4 35. hxg4 fxg4 36. Qe4+ Kh5 37. Qe5+ Kg6 38. Kg3 Qb3+ 39. Kh4 Qd1 40.
f5+ Kh7 41. Qe7+ Kg8 42. Qf8+ Kh7 43. Qf7+ Kh8 44. Be5# 1-0

[Event "Titled Tue 20th May Late"]
[Site "chess.com INT"]
[Date "2025.05.20"]
[Round "1"]
[White "Harriott, Tyrell"]
[Black "Carlsson, Ludvig"]
[Result "0-1"]
[BlackTitle "IM"]
[WhiteElo "1924"]
[BlackElo "2374"]
[WhiteFideId "2086484"]
[BlackFideId "1727010"]
[EventDate "2025.05.20"]

1. d4 Nf6 2. e3 d5 3. Bd3 c5 4. c3 Nc6 5. f4 Bg4 6. Ne2 e6 7. Nd2 Bd6 8. O-O O-O
9. Nf3 Bf5 10. Ng3 Bxd3 11. Qxd3 Qc7 12. Ne5 Rac8 13. Bd2 a6 14. Rf2 Ne7 15.
Raf1 b5 16. a3 Qb7 17. Be1 Ne4 18. Nxe4 dxe4 19. Qd1 f6 20. Qg4 Nf5 21. Qh3 fxe5
22. fxe5 Be7 23. Rxf5 exf5 24. Rxf5 Rxf5 25. Qxf5 cxd4 26. exd4 Rd8 27. Bd2 Qd5
28. h3 Rf8 29. Qg4 Kh8 30. Be3 Bd8 31. Kh2 a5 32. Kg1 Be7 33. Kh2 b4 34. axb4
axb4 35. Kg1 bxc3 36. bxc3 Qc4 37. Qd7 Qxc3 38. Qxe7 Qxe3+ 39. Kh2 Qf4+ 40. Kh1
e3 41. Qb4 e2 42. e6 Qf1+ 43. Kh2 e1=Q 44. Qxe1 Qxe1 45. d5 Qe5+ 46. Kg1 Qxd5
47. e7 Qc5+ 48. Kh2 Qxe7 49. Kg1 Qe3+ 50. Kh2 Rf2 51. Kg1 Qg3 0-1

[Event "Titled Tue 20th May Late"]
[Site "chess.com INT"]
[Date "2025.05.20"]
[Round "1"]
[White "Jedryczka, Krystian"]
[Black "Shoboev, Dandar"]
[Result "0-1"]
[BlackTitle "FM"]
[WhiteElo "2084"]
[BlackElo "2252"]
[WhiteFideId "1109472"]
[BlackFideId "44197012"]
[EventDate "2025.05.20"]

1. e4 c5 2. Nf3 e6 3. b3 Nc6 4. Bb2 d6 5. Bb5 Bd7 6. O-O Nf6 7. Re1 Be7 8. a4
O-O 9. Bf1 Re8 10. h3 e5 11. d3 Nd4 12. c3 Nxf3+ 13. Qxf3 Bc6 14. c4 Bf8 15. Nd2
g6 16. g3 Bh6 17. Rad1 a6 18. Bg2 b5 19. axb5 axb5 20. cxb5 Bxb5 21. Nf1 Ra2 22.
Bc3 Rc2 23. Ba1 Qe7 24. Ne3 Ra2 25. Nc4 Rea8 26. h4 R8a6 27. g4 Bf4 28. h5 Bd7
29. Bh3 g5 30. Ne3 h6 31. Nf5 Bxf5 32. exf5 Qa7 33. Bc3 Rc2 34. d4 cxd4 35. Bb4
Raa2 36. Rf1 e4 37. Qg2 d3 38. Rde1 e3 39. Kh1 Rxf2 40. Rxf2 Rxf2 41. Qg1 Rh2+
42. Qxh2 Bxh2 43. Kxh2 Qa2+ 44. Kg3 Qf2# 0-1